[Event "RSA-ch U12 Girls"]
[Site "Bloemfontein"]
[Date "2016.03.24"]
[Round "8"]
[White "Blows, Kiara"]
[Black "Putter, Nicola"]
[Result "0-1"]
[WhiteElo "973"]
[BlackElo "1295"]
[PlyCount "105"]
[EventDate "2016.03.20"]
[EventType "swiss"]
[EventRounds "11"]
[EventCountry "RSA"]
[SourceTitle "CBM 171 Extra"]
[Source "ChessBase"]
[SourceDate "2016.04.26"]
[SourceVersion "1"]
[SourceVersionDate "2016.04.26"]
[SourceQuality "1"]

1. e4 e5 2. Nf3 Nc6 3. Bc4 Bc5 4. c3 Nf6 5. d4 exd4 6. cxd4 Bb4+ 7. Bd2 Bxd2+ 8. Nbxd2 d5 9. e5 dxc4 10. exf6 Qxf6 11. Nxc4 0-0 12. 0-0 Bg4 13. h3 Bxf3 14. Qxf3 Qxf3 15. gxf3 Nxd4 16. f4 Ne2+ 17. Kh2 Nxf4 18. Rg1 Rfe8 19. Ne3 Nd3 20. Ng4 Kf8 21. b3 Ne5 22. Nxe5 Rxe5 23. Rge1 Rxe1 24. Rxe1 Rd8 25. a4 Rd2 26. Kg2 Rb2 27. Rc1 c6 28. Rc3 Ke7 29. Re3+ Kd6 30. Rd3+ Kc5 31. Rd7 Rxb3 32. Rxf7 Kb6 33. Rxg7 c5 34. Rxh7 c4 35. Rh6+ Ka5 36. Rh5+ Kxa4 37. Rh4 Rb4 38. Rd4 c3 39. Rd1 c2 40. Rc1 Kb3 41. Kg3 Kb2 42. Rxc2+ Kxc2 43. h4 a5 44. h5 a4 45. f4 Rc4 46. h6 a3 47. Kg4 a2 48. Kg5 a1Q 49. f5 Qg1+ 50. Kf6 Rh4 51. Kf7 Rxh6 52. f6 Rh4 53. Ke6 0-1

[Event "RSA-ch U12 Girls"]
[Site "Bloemfontein"]
[Date "2016.03.22"]
[Round "4"]
[White "Blows, Kiara"]
[Black "Louw, Danial"]
[Result "1-0"]
[WhiteElo "973"]
[BlackElo "929"]
[PlyCount "84"]
[EventDate "2016.03.20"]
[EventType "swiss"]
[EventRounds "11"]
[EventCountry "RSA"]
[SourceTitle "CBM 171 Extra"]
[Source "ChessBase"]
[SourceDate "2016.04.26"]
[SourceVersion "1"]
[SourceVersionDate "2016.04.26"]
[SourceQuality "1"]

1. e4 c5 2. Nf3 Nc6 3. d4 cxd4 4. Nxd4 g6 5. Nxc6 bxc6 6. Nc3 Bg7 7. Bd2 d6 8. Bc4 Nf6 9. 0-0 0-0 10. Re1 d5 11. exd5 cxd5 12. Bb3 Bb7 13. Bg5 Re8 14. Bxf6 Bxf6 15. Bxd5 Bxd5 16. Nxd5 Rb8 17. Nxf6+ exf6 18. b3 Rb7 19. Qxd8 Rxd8 20. c4 Rbd7 21. c5 a5 22. a3 Rd2 23. Rec1 Rb2 24. Rc3 Rb8 25. c6 R8xb3 26. Rxb3 Rxb3 27. Rc1 Rb8 28. g3 h5 29. a4 g5 30. c7 Rc8 31. Rc5 h4 32. gxh4 gxh4 33. Kg2 Kg7 34. Kf3 f5 35. Kf4 Kg6 36. Rxf5 Rxc7 37. Rxa5 Rc4+ 38. Ke5 Rg4 39. Ra6+ f6+ 40. Rxf6+ Kg7 41. Rf4 Rg2 42. Rxh4 Rxf2 1-0

[Event "RSA-ch U12 Girls"]
[Site "Bloemfontein"]
[Date "2016.03.22"]
[Round "5"]
[White "Yacoob, Ameera Nazley"]
[Black "Blows, Kiara"]
[Result "1-0"]
[WhiteElo "886"]
[BlackElo "973"]
[PlyCount "95"]
[EventDate "2016.03.20"]
[EventType "swiss"]
[EventRounds "11"]
[EventCountry "RSA"]
[SourceTitle "CBM 171 Extra"]
[Source "ChessBase"]
[SourceDate "2016.04.26"]
[SourceVersion "1"]
[SourceVersionDate "2016.04.26"]
[SourceQuality "1"]

1. e4 e5 2. Nf3 Nc6 3. Bc4 Bc5 4. c3 Nf6 5. d4 exd4 6. cxd4 Bb4+ 7. Nc3 0-0 8. 0-0 Bxc3 9. bxc3 Nxe4 10. Qd3 d5 11. Bb3 Re8 12. Re1 Nf6 13. Rxe8+ Qxe8 14. Bf4 Qd7 15. Bc2 Ne4 16. Ng5 Nxg5 17. Bxg5 g6 18. Qf3 Qe6 19. Kf1 Bd7 20. Re1 Qd6 21. Kg1 Kg7 22. h3 Rb8 23. Bb3 b5 24. Bxd5 Rf8 25. c4 Nxd4 26. Qc3 Qc5 27. Be3 Re8 28. Bxd4+ Qxd4 29. Qxd4+ f6 30. Rxe8 Bxe8 31. cxb5 Bxb5 32. Qxa7 Kf8 33. Qc5+ Ke8 34. Qxb5+ Ke7 35. a4 f5 36. a5 Kf6 37. f4 g5 38. a6 gxf4 39. h4 h5 40. a7 Kg6 41. a8Q Kf6 42. Be4 fxe4 43. Qaa6+ Ke7 44. Qd5 e3 45. Qae6+ Kf8 46. Qdf5+ Kg7 47. Qeg6+ Kh8 48. Qfxh5# 1-0

[Event "RSA-ch U12 Girls"]
[Site "Bloemfontein"]
[Date "2016.03.20"]
[Round "1"]
[White "Blows, Kiara"]
[Black "Saidi, Nombulelo"]
[Result "0-1"]
[WhiteElo "973"]
[BlackElo "1174"]
[PlyCount "94"]
[EventDate "2016.03.20"]
[EventType "swiss"]
[EventRounds "11"]
[EventCountry "RSA"]
[SourceTitle "CBM 171 Extra"]
[Source "ChessBase"]
[SourceDate "2016.04.26"]
[SourceVersion "1"]
[SourceVersionDate "2016.04.26"]
[SourceQuality "1"]

1. e4 e5 2. Nf3 Nc6 3. Bc4 Nf6 4. d3 h6 5. 0-0 Bc5 6. Re1 d6 7. c3 a6 8. d4 Ba7 9. dxe5 Ng4 10. Be3 Bxe3 11. fxe3 Ngxe5 12. Nxe5 Nxe5 13. Bb3 0-0 14. h3 Be6 15. Rf1 Qg5 16. Bxe6 Qxe3+ 17. Kh1 fxe6 18. Rxf8+ Rxf8 19. Nd2 Rf2 20. Nb3 Qxe4 21. Qg1 Rxb2 22. Re1 Qg6 23. Nc1 Nd3 24. Nxd3 Qxd3 25. Rxe6 Rxa2 26. Qe1 Kh7 27. Re7 Qg6 28. Qf1 Rb2 29. Kh2 d5 30. Kh1 Rb1 31. Re1 Rxe1 32. Qxe1 Qe4 33. Qg3 c5 34. Qc7 d4 35. cxd4 cxd4 36. Qc4 b5 37. Qb4 Qe3 38. Qd6 d3 39. Qxa6 d2 40. Qa1 Qe1+ 41. Qxe1 dxe1Q+ 42. Kh2 b4 43. g3 b3 44. Kg2 b2 45. Kf3 b1R 46. Kf4 Rb4+ 47. Kf5 Qe4# 0-1

[Event "RSA-ch U10 Girls"]
[Site "Waterkloof"]
[Date "2015.04.08"]
[Round "8"]
[White "Blows, Kiara"]
[Black "Perumal, Keandra"]
[Result "0-1"]
[WhiteElo "812"]
[BlackElo "765"]
[PlyCount "66"]
[EventDate "2015.04.04"]
[EventType "swiss"]
[EventRounds "9"]
[EventCountry "RSA"]
[SourceTitle "CBM 166 Extra"]
[Source "ChessBase"]
[SourceDate "2015.06.18"]
[SourceVersion "1"]
[SourceVersionDate "2015.06.18"]
[SourceQuality "1"]

1. e4 e5 2. Nf3 d6 3. Bc4 Nf6 4. Nc3 h6 5. d3 Be7 6. Be3 0-0 7. 0-0 b6 8. h3 Bb7 9. Nd5 Nbd7 10. Nxe7+ Qxe7 11. Bd2 Nc5 12. Re1 Na4 13. Rb1 d5 14. Bb3 Nc5 15. exd5 e4 16. dxe4 Ncxe4 17. a3 Qc5 18. Be3 Qd6 19. Bd4 Bxd5 20. Be5 Qc5 21. Rf1 Rad8 22. Bd4 Qe7 23. Ne5 Qd6 24. Bxd5 Qxd5 25. c4 Qe6 26. Re1 c5 27. Qa4 Rxd4 28. Nc6 Rd2 29. f3 Qd6 30. fxe4 Qg3 31. Ne7+ Kh8 32. Re2 Rxe2 33. Ng6+ fxg6 0-1

[Event "RSA-ch U10 Girls"]
[Site "Waterkloof"]
[Date "2015.04.06"]
[Round "3"]
[White "Blows, Kiara"]
[Black "Mkhize, Nosipho"]
[Result "0-1"]
[WhiteElo "812"]
[BlackElo "779"]
[PlyCount "68"]
[EventDate "2015.04.04"]
[EventType "swiss"]
[EventRounds "9"]
[EventCountry "RSA"]
[SourceTitle "CBM 166 Extra"]
[Source "ChessBase"]
[SourceDate "2015.06.18"]
[SourceVersion "1"]
[SourceVersionDate "2015.06.18"]
[SourceQuality "1"]

1. e4 e5 2. Nf3 Bd6 3. Bc4 Nf6 4. Ng5 0-0 5. Nc3 Qe7 6. 0-0 Nd5 7. d3 Nxc3 8. bxc3 Nc6 9. Nf3 Bc5 10. Bg5 Qe8 11. d4 exd4 12. cxd4 Qxe4 13. Re1 Qf5 14. dxc5 Qxc5 15. Qe2 d5 16. Bxd5 Qxd5 17. Rad1 Qa5 18. Rd8 Nxd8 19. Bxd8 Bg4 20. Kf1 Bxf3 21. Qxf3 Raxd8 22. g3 Qxa2 23. Qc3 Rfe8 24. Rxe8+ Rxe8 25. Qxc7 Qa1+ 26. Kg2 h6 27. Qd7 Re1 28. Qd8+ Kh7 29. Qd3+ g6 30. Kh3 Qf6 31. Qd2 Qf5+ 32. Kg2 Re5 33. h3 h5 34. Kf1 Qxh3+ 0-1

[Event "RSA-ch U10 Girls"]
[Site "Waterkloof"]
[Date "2015.04.06"]
[Round "4"]
[White "Blows, Kiara"]
[Black "Prinsloo, Thiana"]
[Result "0-1"]
[WhiteElo "812"]
[BlackElo "926"]
[PlyCount "65"]
[EventDate "2015.04.04"]
[EventType "swiss"]
[EventRounds "9"]
[EventCountry "RSA"]
[SourceTitle "CBM 166 Extra"]
[Source "ChessBase"]
[SourceDate "2015.06.18"]
[SourceVersion "1"]
[SourceVersionDate "2015.06.18"]
[SourceQuality "1"]

1. e4 c5 2. Nf3 Nc6 3. Bc4 g6 4. Ng5 e6 5. d3 Bg7 6. 0-0 Nge7 7. Nc3 0-0 8. Be3 d5 9. exd5 exd5 10. Bxd5 Nxd5 11. Nxd5 Qxd5 12. c4 Qe5 13. Re1 Qxb2 14. Bxc5 Rd8 15. Re2 Qf6 16. Ne4 Qe6 17. Rc1 Qd7 18. f3 Qxd3 19. Rd2 Bh6 20. Rxd3 Rxd3 21. Qxd3 Bxc1 22. Nf6+ Kg7 23. Ne8+ Kh6 24. Qc2 b6 25. Bf8+ Kh5 26. Nf6+ Kg5 27. Bg7 Nd4 28. Qxc1+ Kf5 29. g4+ Ke5 30. Nd7+ Kd6 31. Nf6 Ne2+ 32. Kf1 Nxc1 33. Ne4+ 0-1